000 01056cam a2200229 4500
001 WB3722-23
008 000000n2001 000 0 eng u
035 _a(Sirsi) u112963
245 _aWorld banks should support international valuation standards
260 _c2001
490 _aRICS Press Release
_v(pr074) 31 May 2001, (8)
520 _aRICS urges world banks to adopt the international valuation standards of the property profession where property is used as collateral to bank lending. RICS has made a number of recommendations to the Basel Committee on Banking Supervision (BCBS) which is currently consulting on a New Basel Capital Accord (NBCA); this will be the basis on which major bank lending will be undertaken in the future.
590 _aWB
650 _aBASEL ACCORD
650 _aBASEL COMMITTEE ON BANKING SUPERVISION
650 _aNEW BASEL CAPITAL ACCORD
650 _aCONSULTATION
650 _aVALUATION STANDARDS
650 _aPROPERTY INDUSTRY
690 _aPROPERTY-PROPERTY APPRAISAL AND VALUATION
942 _n0
999 _c67249
_d67249